01253nam a2200253 4500999001700000003000800017005001700025008004100042040002600083041000800109092002500117100003700142245028500179260004300464300001700507502016700524504005100691650004100742650002400783650004000807651005800847830008100905942001300986 c12770d12770DO-SdUA20250325093537.0 s2020 dr a|| |||| 0 |a||0|spa d aDO-SdUAbspacDO-SdUA0 aspa aMA-EFD 0030 FCE 20201 aAmador Batista, Ronald Frederick10aConjunto de acciones para integrar a los estudiantes de 5to. grado de secundaria a la práctica de ajedrez, en el Liceo Secundario Francisco Quezada Santana, Distrito Educativo 01-05, Vicente noble, Barahona, Rep. Dom., año escolar 2018-2019 /cRonald Frederick Amador Batista. aSan Juan de la Maguana :bUASD,c2020. a71 h. :bil. aTesis y Trabajo de Grado (Maestría en Gestión de la Educación Física y el Deporte)--Universidad Autónoma de Santo Domingo, San Juan de la Maguana, 2020. aIncluye referencias bibliográficas y anexos. 72lemb91334aAjedrezxInvestigaciones 72lemb916841aJuegos 72lemb910569aEducación secundaria 7953599aBarahona (Provincia)y2018-2019zVicente Noble aTesis y disertaciones académicas (Universidad Autónoma de Santo Domingo) 2clcTn0